Регионална библиотека "Любен Каравелов" - Русе

Юбиляри на 1 век (Запис номер 69085)

MARC детайли
000 -Лидер
Контролно поле с фиксирана дължина 02232nam a2200505 c 4500
003 - Код на организацията, давaща контролен номер
Контролно поле BLK
005 - Дата и час на последна редакция
Контролно поле 20230801115244.0
008 - Елементи от данни с фиксирана дължина
fixed length control field 180408b bul|||||r ||||||| ||bul||
010 ## - Наследен системен номер
LC control number KNG00073426000
040 ## - Източник на каталожния запис
Идентификатор на билиотеката - собственик на записа BLK
041 ## - Код за език
Код за езика на текст/звукозапис или на отделно заглавие Български
Код за езика КДБФ Български
072 #7 - Код за тематичната категория
Код организация bullib
Код за тематична категория Я
Текст Автографи
080 ## - УДК
Текстов определител УДК Опера, музикална драма - изпълнители
УДК код - определител по УДК 782.1.071.2
УДК определител (497.2)(092)
УДК - код + определител 782.1.071.2(497.2)(092)
080 ## - УДК
Текстов определител УДК Биографии
УДК код - определител по УДК 929
УДК определител (497.2)
УДК - код + определител 929(497.2)
100 ## - Редна дума - Автор
Автор Абаджиев, Александър Маринов
Дати, свързани с автора 1935-
R(LIN) 366865
139 ## - Редно поле
Редна дума Абаджиев, Александър Маринов
Авторски знак Аб - А 12
245 10 - Сведения за заглавието
Заглавие Юбиляри на 1 век
Подзаглавни данни Любен Минчев, Тодор Мазаров, Елена Николай, Цветана Табакова, Илка Попова, Христо Бръмбаров
Редно поле (дума) Александър Маринов Абаджиев.
257 ## - Страна на издаване
Страна на създаване/издаване България
260 ## - Област на издателските данни
-- София
Име на издателя, разпространителя и проч. Нац. опера и балет
-- Съюз на бълг. муз. и танцови дейци
Година на издаване 2006
300 ## - Физическа характеристика
Страници 62 с.
Илюстрации и др. с портр.
Размери/Мащаб 23 см
380 ## - Жанр
Жанр Изкуство
500 ## - Общи забележки
Забележка Кор. опис. - Офс. изд.
600 14 - Име на лице, използвано като предмет
За него / За нея Минчев, Любен Василев
9 (RLIN) 294247
600 14 - Име на лице, използвано като предмет
За него / За нея Мазаров, Тодор Русев
9 (RLIN) 294248
600 14 - Име на лице, използвано като предмет
За него / За нея Николай, Елена
9 (RLIN) 294249
600 14 - Име на лице, използвано като предмет
За него / За нея Табакова, Цветана Борисова
9 (RLIN) 294250
600 14 - Име на лице, използвано като предмет
За него / За нея Попова, Илка Стефанова
9 (RLIN) 294251
600 14 - Име на лице, използвано като предмет
За него / За нея Бръмбаров, Христо Тачев
9 (RLIN) 286271
650 #4 - Допълнително описание по предмет – тема
Основно описание – тема или топоним Оперни и оперетни артисти, български
9 (RLIN) 250561
653 ## - Ключова дума – ненормативна
Ключова дума оперни артисти
653 ## - Ключова дума – ненормативна
Ключова дума български певци
653 ## - Ключова дума – ненормативна
Ключова дума Любен Минчев
653 ## - Ключова дума – ненормативна
Ключова дума Тодор Мазаров
653 ## - Ключова дума – ненормативна
Ключова дума Елена Николай
653 ## - Ключова дума – ненормативна
Ключова дума Цветана Табакова
653 ## - Ключова дума – ненормативна
Ключова дума Илка Попова
653 ## - Ключова дума – ненормативна
Ключова дума Христо Бръмбаров
659 ## - Тематичен бюлетин
Тематичен бюлетин Я
852 ## - Местоположение
Форматна сигнатура Цб 232687
856 4# - Електронен адрес и достъп
Електронен формат pdf - файл
Път до файла /url/
856 4# - Електронен адрес и достъп
Електронен формат pdf - файл
Път до файла /url/
942 ## - АРТИКУЛИ
Вид на библиотечния материал Книги
Скрит в OPAC Не
944 ## - СЪЗДАВАНЕ И РЕДАКЦИЯ на ЗАПИСА
Създаване/Редакция Създаване
Дата на регистрацията/редакция 26.03.2007
Служител, извършил регистрацията/редакцията 30556
Статус, дата на статуса Теодора Пейчева-Дянкова
944 ## - СЪЗДАВАНЕ И РЕДАКЦИЯ на ЗАПИСА
Създаване/Редакция Редакция
Дата на регистрацията/редакция 26.08.2011
Служител, извършил регистрацията/редакцията
999 ## - СИСТЕМНИ КОНТРОЛНИ НОМЕРА
Koha biblionumber 69085
Koha biblioitemnumber 69085
Наличности
Код за отписване Код за изгубен артикул Източник на класификационната схема Код за повреда Коз за рестрикции Код за отдаване Артикулен № Име на библиотеката - собственик Име на библиотеката, в която се намира в момента Статус (Текущо местоположение) Дата на вписване в системата Местоположение - отдел Цена в лева Инвентарен номер Систематично азбучна сигнатура Баркод Номер на екземпляра Цена в евро Служебна бележка Служебен тип на артикула Номерация (Хронология)
  Не е изгубен Universal Decimal Classification Не е повреден само за читалня ползва се в читалня 113395 Регионална библиотека "Любен Каравелов" Русе Регионална библиотека "Любен Каравелов" Русе Хранилище 2007-03-26 Хранилище 7.00 120000711771 Цб 232687 120000711771 1 3.58 Дост: Dp Вид: Д N: 34 Дата: 26.07.2006 Книги  
  Не е изгубен Universal Decimal Classification Не е повреден без рестрикции заемане за дома 113396 Регионална библиотека "Любен Каравелов" Русе Регионална библиотека "Любен Каравелов" Русе Отдел Изкуство - подръчен фонд 2008-10-31 Отдел Изкуство - подръчен фонд 7.00 120000731061 782.1(497.2)(092)/А 12 120000731061 2 3.58 Дост: DA Вид: А N: 13 Дата: 31.10.2008 Дата инв: 20.06.2012 Бележки инв: * Книги Автограф: Александър Абаджиев
Vip Innovations Ltd, Rousse, Bulgaria 2025